| 000 | 00407nam a2200121Ia 4500 | ||
|---|---|---|---|
| 008 | 220901s9999||||xx |||||||||||||| ||und|| | ||
| 082 | _a005.71 ACM | ||
| 100 |
_aACM(Association Computing Machinery) _914226 |
||
| 245 | 0 | _aACM SIGCOMM: communication and computer networks | |
| 250 | _aVol, 40 Issue No. 4 & 5 | ||
| 260 |
_bACM(Association Computing Machinery) _c2010 |
||
| 650 | _aComputer Communication Review | ||
| 999 |
_c193301 _d193301 |
||